00635nam a22002057a 450000500170000001000130001702000150003003500130004503700160005804000120007408200150008610000240010124500750012526000640020027000400026430000330030450000510033765000190038865000220040720170124105931.0 aA-689066 a8185195536 aA-935960 bCen Lib/Ret aDPLbEN a328.1bCHA aChaudhuri, Amiya K. aLegislative control over public adminisration /cby Amiya K. Chaudhuri aCulcutta bMinerva associates ( Publication)Pvt. Ltd.c1993 a7-B, Lake Place bCulcutta e700029 aviii;267p. :bill.c20cm(Hb) aIncludes bibliographical references and index. aSocial Science aPolitical Science